000 00313nam a22001337a 4500
008 170126b xxu||||| |||| 00| 0 eng d
020 _a9781416054382
041 _aeng
080 _27TH
_a61
100 _a3
101 _aMED
245 _aTHE ADMINISTRATIVE MEDICAL ASSISTANT
_cYOUNG-ADAMS, A.P
942 _2udc
_cBK
999 _c3792
_d3792